| 000 | 00811nam a22001937a 4500 | ||
|---|---|---|---|
| 005 | 20230906120051.0 | ||
| 010 | _aHIN-125831 | ||
| 020 |
_c250.00 _a9789380962146 |
||
| 035 | _aHN-98177 | ||
| 037 | _bDBAD/PUB | ||
| 082 | _a821 | ||
| 100 |
_aशुक्ल, परशुराम _956014 |
||
| 245 |
_aहमारे राजकीय वृक्ष और पुष्प / _cपरशुराम शुक्ल |
||
| 260 |
_aइलाहाबाद _bमालविका प्रकाशन _c2021 |
||
| 270 |
_a2189/190-बी/10, सेक्टर नं. 21 ओमप्रकाश सभासद नगर _bइलाहाबाद |
||
| 300 |
_a112 पृ. _c22सेमी.(सजिल्द) |
||
| 710 | _955954 | ||
| 942 |
_2ddc _cHN _mशुक्ल _h821 |
||
| 999 |
_c197890 _d197890 |
||